|
|
|
|
| LEADER |
01680nam a2200301 a 4500 |
| 001 |
191076888 |
| 008 |
100310s2008 ii a b 001 0 eng d |
| 020 |
|
|
|a 8174092323
|
| 020 |
|
|
|a 8174090290
|
| 020 |
|
|
|a 9788174090294
|
| 040 |
|
|
|a TAI
|c TAI
|d DB-DhAAL
|
| 082 |
0 |
0 |
|a 621.3/042
|2 22
|
| 100 |
1 |
|
|a Rao, Sunil S.
|
| 245 |
1 |
0 |
|a Switchgear protection and power systems:
|b theory, practice and solved problems /
|c Sunil S. Rao.
|
| 250 |
|
|
|a 13th ed.
|
| 260 |
|
|
|a Delhi :
|b Khanna Publishers,
|c 2008.
|
| 300 |
|
|
|a xxviii, 1691, [1] p. :
|b ill. ;
|c 23 cm.
|
| 504 |
|
|
|a Includes bibliographical references (p. [1692]) and index.
|
| 541 |
1 |
|
|e 00019956
|
| 650 |
|
0 |
|a Electric switchgear.
|
| 650 |
|
0 |
|a Electric power systems.
|
| 852 |
4 |
|
|a Ayesha Abed Library
|j General Shelf.
|
| 999 |
|
|
|c 7755
|d 7755
|
| 952 |
|
|
|0 0
|1 0
|2 ddc
|4 0
|6 621_304200000000000_RAO_2008
|7 0
|9 8560
|a BRACUL
|b BRACUL
|c GEN
|d 2010-03-10
|l 6
|m 97
|o 621.3042 RAO
|p 3010019956
|r 2025-03-16
|s 2024-10-30
|t 1
|w 2010-03-10
|y BK
|
| 952 |
|
|
|0 0
|1 0
|2 ddc
|4 0
|6 621_304200000000000_RAO_2008
|7 0
|9 8561
|a BRACUL
|b BRACUL
|c GEN
|d 2010-03-10
|l 8
|m 69
|o 621.3042 RAO
|p 3010019957
|r 2025-02-06
|s 2024-10-28
|t 2
|w 2010-03-10
|y BK
|
| 952 |
|
|
|0 0
|1 0
|2 ddc
|4 0
|6 621_304200000000000_RAO_2008
|7 0
|9 8562
|a BRACUL
|b BRACUL
|c GEN
|d 2010-03-10
|l 3
|m 49
|o 621.3042 RAO
|p 3010019955
|r 2016-12-10
|s 2016-05-08
|t 3
|w 2010-03-10
|y BK
|
| 952 |
|
|
|0 0
|1 0
|2 ddc
|4 0
|6 621_304200000000000_RAO_2008
|7 0
|9 8563
|a BRACUL
|b BRACUL
|c GEN
|d 2010-03-10
|l 5
|m 53
|o 621.3042 RAO
|p 3010019954
|r 2026-01-31
|s 2025-10-22
|t 4
|w 2010-03-10
|y BK
|
| 952 |
|
|
|0 0
|1 0
|2 ddc
|4 0
|6 621_304200000000000_RAO_2008
|7 0
|9 8564
|a BRACUL
|b BRACUL
|c GEN
|d 2010-03-10
|l 3
|m 51
|o 621.3042 RAO
|p 3010019953
|r 2018-06-05
|s 2018-01-18
|t 5
|w 2010-03-10
|y BK
|